Associez l'auteur au mouvement littéraire - Version courte #2 - Statistiques

Statistiques générales
  • Ce quiz a été pris 34 fois
  • Le résultat moyen est 7 sur 13
Statistiques - réponses
Hint Réponse % Correct
André Breton Surréalisme
89%
Pierre de Ronsard Pléiade
72%
Alphonse de Lamartine Romantisme
72%
Molière Classicisme
67%
Montesquieu Lumières
61%
Marguerite Duras Nouveau roman
61%
Jean-Paul Sartre Absurde
56%
François Rabelais Humanisme
56%
Théophile de Viau Baroque
50%
Gustave Flaubert Réalisme
50%
Frères Goncourt Naturalisme
33%
Leconte de Lisle Parnasse
33%
Jean Moréas Symbolisme
11%
Aucun quiz correspondant
Distribution des résultats
% des personnes avec chaque résultat
Percentile par nombre de réponses
Votre historique - résultats
Vous n’avez pas pris ce quiz